01009nam a2200277 i 4500003000900000005001700009006001900026007000300045008004100048020001500089040003000104082001400134100006600148245009000214264004300304300002700347336002700374337003300401338002800434490002900462590002700491700005100518942001400569952013100583999001700714DO-SdBNP20240625081725.0a||||gr|||| 00| 0 ta240624t1991 sp ||||| |||| 00| f spa d a8479691840 aDO-SdBNPbspacBNPHUerda 4222bV935h1 aVoltaire.q(François Marie Arouet),d1694-17784autor9453313aEl hombre de los cuarenta escudos /cvoltaire, editor, Germán Sánchez Ruipérez. 4a[Madrid, España] :bCátedra,c1991 a93 Páginas ;c18 cm. 2rdacontentatextobtxt 2rdamediaasin mediaciónbn 2rdacarrieravolumenbnc aBiblioteca El Sol ;v157 aInventariado 2024 / MF1 aSánchez Ruipérez, Germán,970008eeditor 2ddccLBS1 00102ddc56708GRaBNPHUbBNPHUcCTd2008-06-24eDonado por Pedro Altaresl0oV935hp2024-3687r2024-06-24w2024-06-24yLBS1 c56954d56954